[Event "Titled Tuesday intern op 08th Nov Late"]
[Site "Chess.com INT"]
[Date "2022.11.08"]
[Round "5"]
[White "Capp, Stephen P"]
[Black "Rosenberg, Evan"]
[Result "1-0"]
[WhiteElo "1920"]
[BlackElo "1964"]
[PlyCount "111"]
[EventDate "2022.11.08"]
[EventType "swiss (blitz)"]
[EventRounds "11"]
[EventCountry "USA"]
[SourceTitle "EXT 2024"]
[Source "ChessBase"]
[SourceDate "2023.10.10"]
[SourceVersion "1"]
[SourceVersionDate "2023.10.10"]
[SourceQuality "1"]

1. e4 e5 2. Nf3 Nc6 3. d4 exd4 4. Bc4 Nf6 5. 0-0 Nxe4 6. Re1 d5 7. Nc3 Be7 8. Nxd5 Nd6 9. Nxe7 Nxe7 10. Qxd4 0-0 11. Bg5 Nxc4 12. Qxc4 Be6 13. Qh4 Re8 14. Rad1 Qxd1 15. Rxd1 Ng6 16. Qb4 f6 17. Be3 b6 18. h4 c5 19. Qc3 Kh8 20. h5 Ne7 21. Bf4 Nd5 22. Qd2 Rad8 23. Qc1 Kg8 24. Bg3 Bg4 25. Rd3 Bxh5 26. a3 Bg6 27. Rb3 c4 28. Rb5 Nc7 29. Rb4 Nd5 30. Rxc4 Ne7 31. Rd4 Nf5 32. Rxd8 Rxd8 33. Bf4 Re8 34. Be3 h5 35. Nd4 Nxe3 36. fxe3 Be4 37. Qd2 f5 38. Qf2 g6 39. Qf4 Kg7 40. Qg5 Kf7 41. Nf3 Bxf3 42. gxf3 Re6 43. Qf4 Rf6 44. Qc7+ Kg8 45. Qe7 Rf7 46. Qe8+ Kg7 47. Qe6 Rf6 48. Qe5 Kf7 49. e4 fxe4 50. Qc7+ Ke6 51. fxe4 Rf7 52. Qc6+ Ke7 53. Qd5 Rf6 54. e5 Rf5 55. Qd6+ Kf7 56. e6+ 1-0